[Event "ITA-chT 2"]
[Site "Italy"]
[Date "1998.03.08"]
[Round "2"]
[White "Mussoni, Marcello"]
[Black "Battisti, Eugenio"]
[Result "1-0"]
[WhiteElo "2240"]
[BlackElo "1900"]
[PlyCount "47"]
[EventDate "1998.02.22"]
[EventType "team-match"]
[EventRounds "7"]
[EventCountry "ITA"]
[SourceTitle "EXT 2024"]
[Source "ChessBase"]
[SourceDate "2023.10.10"]
[SourceVersion "1"]
[SourceVersionDate "2023.10.10"]
[SourceQuality "1"]

1. d4 Nf6 2. Nf3 b6 3. e3 e6 4. Bd3 Bb7 5. b3 d6 6. Bb2 Nbd7 7. 0-0 Be7 8. Nbd2 0-0 9. Re1 d5 10. c4 c5 11. Rc1 Rc8 12. Bb1 Rc7 13. Qe2 Qa8 14. cxd5 exd5 15. Ne5 Rfc8 16. Nxd7 Nxd7 17. dxc5 bxc5 18. e4 Bf6 19. e5 Re8 20. Qd3 Rxe5 21. Bxe5 Nxe5 22. Qxh7+ Kf8 23. Qh8+ Ke7 24. Qxa8 1-0

[Event "Nova Gorica op 03rd"]
[Site "Nova Gorica"]
[Date "1998.??.??"]
[Round "3"]
[White "Mussoni, Marcello"]
[Black "Grosar, Aljosa"]
[Result "0-1"]
[WhiteElo "2240"]
[BlackElo "2470"]
[PlyCount "56"]
[EventDate "1998.01.??"]
[EventType "swiss"]
[EventRounds "9"]
[EventCountry "SLO"]
[SourceTitle "EXT 1999"]
[Source "ChessBase"]
[SourceDate "1998.11.16"]
[SourceVersion "1"]
[SourceVersionDate "1998.11.16"]
[SourceQuality "1"]

1. Nf3 d5 2. d4 Nf6 3. c4 e6 4. Nc3 c6 5. e3 Nbd7 6. Qc2 Bd6 7. Be2 0-0 8. 0-0 Re8 9. Rd1 Qe7 10. b3 dxc4 11. bxc4 e5 12. a4 e4 13. Nd2 Nf8 14. h3 Bf5 15. Qa2 Qd7 16. Ba3 Bc7 17. d5 Be5 18. dxc6 bxc6 19. Qc2 Qc8 20. Bf1 Ne6 21. Rab1 Ng5 22. Ne2 Bxh3 23. gxh3 Nxh3+ 24. Bxh3 Qxh3 25. Nf1 Ng4 26. Neg3 Bxg3 27. fxg3 Nxe3 28. Qe2 Nxf1 0-1

[Event "ITA-chT 28th"]
[Site "Italy"]
[Date "1996.??.??"]
[Round "?"]
[White "Mussoni, Marcello"]
[Black "Mione, Dario"]
[Result "1/2-1/2"]
[WhiteElo "1948"]
[BlackElo "2086"]
[PlyCount "131"]
[EventDate "1996.02.25"]
[EventType "team-swiss"]
[EventRounds "7"]
[EventCountry "ITA"]
[SourceTitle "EXT 2021"]
[Source "ChessBase"]
[SourceDate "2020.10.23"]
[SourceVersion "1"]
[SourceVersionDate "2020.10.23"]
[SourceQuality "1"]

1. Nf3 d6 2. d4 Bg4 3. e4 Nf6 4. Bd3 Nc6 5. c3 g6 6. Nbd2 Bg7 7. h3 Bd7 8. 0-0 Nh5 9. Re1 Nf4 10. Bf1 e5 11. Nc4 Qe7 12. Kh2 0-0 13. b3 b5 14. dxe5 Nxh3 15. exd6 cxd6 16. gxh3 bxc4 17. Bg5 Qe6 18. Nd4 Nxd4 19. cxd4 d5 20. bxc4 dxe4 21. Bf4 Bc6 22. Qd2 Qf5 23. Bg3 Rad8 24. d5 Bxa1 25. Rxa1 Bb7 26. Re1 Rc8 27. Qd4 Ba6 28. Rxe4 Rfd8 29. Be2 Re8 30. Rxe8+ Rxe8 31. Bf1 Qe4 32. Qf6 Bxc4 33. Bg2 Qf5 34. Qxf5 gxf5 35. a3 f6 36. Bf3 Re1 37. Bb8 a6 38. d6 Kf7 39. Bc7 Bb5 40. Bd5+ Ke8 41. Bg8 h6 42. Bh7 Re5 43. Bg6+ Kd7 44. Kg3 Ke6 45. f3 Rc5 46. Ba5 Bd3 47. Bb4 Rc8 48. Kf2 Rg8 49. Bh5 Rg5 50. Be8 Bb5 51. f4 Rg8 52. Bh5 Rc8 53. Bd1 Rc1 54. Bb3+ Kd7 55. Bd5 Rd1 56. Bb3 Rd4 57. Bc2 Rxf4+ 58. Kg3 Rxb4 59. axb4 Kxd6 60. Kf4 Kd5 61. Kxf5 Bd7+ 62. Kxf6 Bxh3 63. Bd3 Bc8 64. Kg6 Kd4 65. Bxa6 Bxa6 66. Kxh6 1/2-1/2